| 000 | 00536nam a2200193Ia 4500 | ||
|---|---|---|---|
| 005 | 20260415160335.0 | ||
| 008 | 008 250505s9999 xx 000 0 eng d | ||
| 037 | _aTextual | ||
| 040 |
_aFEDL _beng _cFEDL |
||
| 041 |
_aeng _2eng |
||
| 084 |
_a910 SIL _qFEDL |
||
| 100 |
_aSilber Frederick _9755759 |
||
| 245 | 0 | _aGeography | |
| 260 |
_aNew York, USA _bThe New Home Library _c1943 |
||
| 300 | _axvi,340p | ||
| 490 | _aSelf-education quiz book | ||
| 942 |
_cTEXL _h910 SIL |
||
| 999 |
_c1321849 _d1321849 |
||